[Event "Королевский Гамбит. Южный Федеральный округ."]
[Date "2025-11-21"]
[Round "5.11"]
[Board "11"]
[White "Глебец Кристина"]
[WhiteElo "991"]
[Black "Алексей Ахатов"]
[BlackElo "964"]
[WebSite "https://www.chessopen.ru"]
[GameId "fa8fc4b7-14d6-4765-8c66-f49ab44fb29a"]
[Result "0-1"]

1. e3 { [%clk 0:09:59] } Nf6 { [%clk 0:09:53] } 2. Be2 { [%clk 0:10:00] } Nc6 {
[%clk 0:09:44] } 3. Nf3 { [%clk 0:09:58] } e6 { [%clk 0:09:40] } 4. O-O { [%clk
0:09:58] } d5 { [%clk 0:09:35] } 5. Nc3 { [%clk 0:09:54] } Bd6 { [%clk 0:09:30]
} 6. Na4 { [%clk 0:09:35] } O-O { [%clk 0:09:22] } 7. b3 { [%clk 0:09:25] } e5
{ [%clk 0:09:18] } 8. Bb2 { [%clk 0:09:23] } Qe7 { [%clk 0:09:13] } 9. Ng5 {
[%clk 0:09:17] } e4 { [%clk 0:09:08] } 10. Bxf6 { [%clk 0:08:48] } gxf6 { [%clk
0:09:04] } 11. Nh3 { [%clk 0:08:46] } Bxh3 { [%clk 0:08:56] } 12. Bh5 { [%clk
0:08:32] } Qe5 { [%clk 0:08:50] } 13. Rc1 { [%clk 0:07:59] } Qxh2# { [%clk
0:08:41] } 0-1

[Event "Королевский Гамбит. Южный Федеральный округ."]
[Date "2025-11-21"]
[Round "5.11"]
[Board "11"]
[White "Губарев Матвей"]
[WhiteElo "990"]
[Black "Скрылев Кирилл"]
[BlackElo "972"]
[WebSite "https://www.chessopen.ru"]
[GameId "a5409d69-3e3f-4edd-aa3f-0c268cda0221"]
[Result "0-1"]

1. e4 { [%clk 0:09:53] } e5 { [%clk 0:10:00] } 2. Qh5 { [%clk 0:09:34] } Nf6 {
[%clk 0:09:57] } 3. Qf3 { [%clk 0:09:14] } Nc6 { [%clk 0:09:53] } 4. Bd3 {
[%clk 0:09:07] } Bc5 { [%clk 0:09:38] } 5. Nc3 { [%clk 0:09:00] } d6 { [%clk
0:09:33] } 6. Nge2 { [%clk 0:09:00] } Bg4 { [%clk 0:09:01] } 7. h3 { [%clk
0:08:52] } Bxf3 { [%clk 0:08:48] } 8. gxf3 { [%clk 0:08:53] } O-O { [%clk
0:08:42] } 9. O-O { [%clk 0:08:48] } Nb4 { [%clk 0:08:22] } 10. Bc4 { [%clk
0:08:34] } Nxc2 { [%clk 0:08:10] } 11. Rb1 { [%clk 0:08:26] } Nh5 { [%clk
0:07:45] } 12. f4 { [%clk 0:08:22] } Nxf4 { [%clk 0:07:37] } 13. Nxf4 { [%clk
0:08:23] } exf4 { [%clk 0:07:38] } 14. Rd1 { [%clk 0:08:15] } Qg5+ { [%clk
0:07:10] } 15. Kf1 { [%clk 0:08:13] } f3 { [%clk 0:07:01] } 16. d4 { [%clk
0:08:12] } Qg2# { [%clk 0:06:40] } 0-1

[Event "Королевский Гамбит. Южный Федеральный округ."]
[Date "2025-11-21"]
[Round "5.11"]
[Board "11"]
[White "Другов Андрей"]
[WhiteElo "1010"]
[Black "Переверзева Мария"]
[BlackElo "1028"]
[WebSite "https://www.chessopen.ru"]
[GameId "9c78932a-c128-4f7e-a62e-67e5477e847a"]
[Result "1/2-1/2"]

1. Nf3 { [%clk 0:09:39] } e5 { [%clk 0:09:58] } 2. Nxe5 { [%clk 0:09:33] } Bb4
{ [%clk 0:09:11] } 3. e3 { [%clk 0:09:27] } Nf6 { [%clk 0:09:05] } 4. Ng4 {
[%clk 0:09:04] } Ne4 { [%clk 0:08:48] } 5. c3 { [%clk 0:08:59] } Bc5 { [%clk
0:08:37] } 6. Qa4 { [%clk 0:08:54] } b5 { [%clk 0:08:33] } 7. Qxe4+ { [%clk
0:08:47] } Be7 { [%clk 0:08:24] } 8. Qxa8 { [%clk 0:08:43] } O-O { [%clk
0:08:21] } 9. Qxb8 { [%clk 0:08:39] } d5 { [%clk 0:08:05] } 10. h3 { [%clk
0:08:33] } Qd6 { [%clk 0:07:43] } 11. Qxb5 { [%clk 0:08:28] } c6 { [%clk
0:07:34] } 12. Qa5 { [%clk 0:08:24] } Bf5 { [%clk 0:07:24] } 13. Qxa7 { [%clk
0:08:20] } Bg5 { [%clk 0:07:07] } 14. Qd4 { [%clk 0:08:07] } c5 { [%clk
0:06:18] } 15. Qe5 { [%clk 0:08:01] } Qg6 { [%clk 0:06:00] } 16. Na3 { [%clk
0:07:55] } Be4 { [%clk 0:05:43] } 17. d3 { [%clk 0:07:50] } Bf5 { [%clk
0:05:12] } 18. Qxd5 { [%clk 0:07:45] } Rd8 { [%clk 0:05:09] } 19. Qxc5 { [%clk
0:07:41] } Bxd3 { [%clk 0:05:03] } 20. Ne5 { [%clk 0:07:36] } Qf5 { [%clk
0:04:32] } 21. Bxd3 { [%clk 0:07:29] } Qf6 { [%clk 0:03:47] } 22. Bc4 { [%clk
0:07:12] } Bh4 { [%clk 0:03:32] } 23. g3 { [%clk 0:07:08] } Bg5 { [%clk
0:03:22] } 24. Nxf7 { [%clk 0:07:01] } h6 { [%clk 0:03:10] } 25. Nxd8+ { [%clk
0:06:53] } Kh7 { [%clk 0:02:55] } 26. Ne6 { [%clk 0:06:26] } h5 { [%clk
0:02:33] } 27. Qxg5 { [%clk 0:06:18] } Qxg5 { [%clk 0:02:27] } 28. Nxg5+ {
[%clk 0:06:13] } Kh6 { [%clk 0:02:26] } 29. e4 { [%clk 0:06:05] } g6 { [%clk
0:01:54] } 1/2-1/2

[Event "Королевский Гамбит. Южный Федеральный округ."]
[Date "2025-11-21"]
[Round "5.11"]
[Board "11"]
[White "Херкунов Яромир"]
[WhiteElo "1047"]
[Black "Шубин Денис"]
[BlackElo "980"]
[WebSite "https://www.chessopen.ru"]
[GameId "d98e7800-b76c-42c3-92ee-417c44e0dec9"]
[Result "1-0"]

1. d4 { [%clk 0:09:59] } d6 { [%clk 0:09:46] } 2. Bf4 { [%clk 0:09:53] } e5 {
[%clk 0:09:39] } 3. dxe5 { [%clk 0:09:52] } dxe5 { [%clk 0:09:40] } 4. Qxd8+ {
[%clk 0:09:53] } Kxd8 { [%clk 0:09:36] } 5. Bxe5 { [%clk 0:09:54] } Bb4+ {
[%clk 0:09:34] } 6. c3 { [%clk 0:09:53] } Bd6 { [%clk 0:09:32] } 7. Bxg7 {
[%clk 0:09:54] } Nc6 { [%clk 0:08:55] } 8. Bxh8 { [%clk 0:09:55] } Bf5 { [%clk
0:08:46] } 9. Nd2 { [%clk 0:09:54] } Rc8 { [%clk 0:08:25] } 10. Bd4 { [%clk
0:09:50] } Nxd4 { [%clk 0:08:25] } 11. cxd4 { [%clk 0:09:51] } b5 { [%clk
0:08:23] } 12. e4 { [%clk 0:09:44] } Bg6 { [%clk 0:08:14] } 13. Bxb5 { [%clk
0:09:37] } Bc5 { [%clk 0:08:09] } 14. dxc5 { [%clk 0:09:36] } c6 { [%clk
0:08:12] } 15. Ba6 { [%clk 0:09:33] } Rb8 { [%clk 0:08:06] } 16. O-O-O { [%clk
0:09:32] } Nf6 { [%clk 0:08:05] } 17. Nc4+ { [%clk 0:09:29] } Kc7 { [%clk
0:07:51] } 18. f3 { [%clk 0:09:27] } Rb4 { [%clk 0:07:36] } 19. Ne5 { [%clk
0:09:24] } Ra4 { [%clk 0:07:20] } 20. Bc4 { [%clk 0:09:17] } Ra5 { [%clk
0:06:44] } 21. b4 { [%clk 0:09:15] } Ra4 { [%clk 0:06:42] } 22. Nd3 { [%clk
0:09:06] } a5 { [%clk 0:06:31] } 23. Kb2 { [%clk 0:09:01] } axb4 { [%clk
0:06:26] } 24. Kb3 { [%clk 0:09:00] } Ra8 { [%clk 0:05:48] } 25. Nxb4 { [%clk
0:09:01] } Nd7 { [%clk 0:05:40] } 26. Rd6 { [%clk 0:08:58] } Nxc5+ { [%clk
0:05:38] } 27. Kc3 { [%clk 0:08:59] } Kxd6 { [%clk 0:05:34] } 28. Kd4 { [%clk
0:08:58] } Ne6+ { [%clk 0:05:18] } 29. Bxe6 { [%clk 0:08:51] } fxe6 { [%clk
0:05:19] } 30. Ne2 { [%clk 0:08:50] } c5+ { [%clk 0:05:11] } 31. Kc4 { [%clk
0:08:46] } cxb4 { [%clk 0:05:08] } 32. Kxb4 { [%clk 0:08:46] } Rxa2 { [%clk
0:05:08] } 33. Nf4 { [%clk 0:08:40] } Bf7 { [%clk 0:05:00] } 34. Rd1+ { [%clk
0:08:38] } Ke7 { [%clk 0:04:46] } 35. h4 { [%clk 0:08:03] } e5 { [%clk 0:04:37]
} 36. Nd5+ { [%clk 0:07:48] } Bxd5 { [%clk 0:04:34] } 37. Rxd5 { [%clk 0:07:48]
} Ke6 { [%clk 0:04:30] } 38. g4 { [%clk 0:07:47] } Rf2 { [%clk 0:04:17] } 39.
Rd3 { [%clk 0:07:46] } Rb2+ { [%clk 0:04:10] } 40. Kc5 { [%clk 0:07:45] } Rh2 {
[%clk 0:03:57] } 41. h5 { [%clk 0:07:45] } h6 { [%clk 0:03:50] } 42. Rd6+ {
[%clk 0:07:43] } Ke7 { [%clk 0:03:44] } 43. Rxh6 { [%clk 0:07:42] } Rf2 { [%clk
0:03:41] } 44. Kd5 { [%clk 0:07:36] } Rxf3 { [%clk 0:03:41] } 45. Kxe5 { [%clk
0:07:32] } Rf7 { [%clk 0:03:26] } 46. g5 { [%clk 0:07:30] } Kf8 { [%clk
0:03:10] } 47. g6 { [%clk 0:07:23] } Re7+ { [%clk 0:03:06] } 48. Kf6 { [%clk
0:07:21] } Rxe4 { [%clk 0:03:06] } 49. Rh8# { [%clk 0:07:19] } 1-0

[Event "Королевский Гамбит. Южный Федеральный округ."]
[Date "2025-11-21"]
[Round "5.11"]
[Board "11"]
[White "Чурбанов Максим"]
[WhiteElo "1029"]
[Black "Тенгелиди Максим"]
[BlackElo "1000"]
[WebSite "https://www.chessopen.ru"]
[GameId "8264cfba-3a1d-41bb-86a6-b773fe81aa75"]
[Result "0-1"]

1. d4 { [%clk 0:10:01] } d5 { [%clk 0:10:01] } 2. c3 { [%clk 0:10:02] } Nf6 {
[%clk 0:09:58] } 3. f3 { [%clk 0:09:58] } Nc6 { [%clk 0:09:59] } 4. e4 { [%clk
0:09:56] } dxe4 { [%clk 0:10:00] } 5. fxe4 { [%clk 0:09:57] } Nxe4 { [%clk
0:09:58] } 6. Qf3 { [%clk 0:09:45] } Nf6 { [%clk 0:09:44] } 7. b4 { [%clk
0:09:43] } e5 { [%clk 0:09:39] } 8. dxe5 { [%clk 0:09:33] } Nxe5 { [%clk
0:09:38] } 9. Qe3 { [%clk 0:09:17] } Qe7 { [%clk 0:09:24] } 10. Nf3 { [%clk
0:08:51] } Nxf3+ { [%clk 0:09:09] } 11. gxf3 { [%clk 0:08:49] } Qxe3+ { [%clk
0:09:07] } 12. Bxe3 { [%clk 0:08:50] } Bd6 { [%clk 0:09:03] } 13. Bc4 { [%clk
0:08:24] } Be6 { [%clk 0:08:49] } 14. Nd2 { [%clk 0:08:14] } Bxc4 { [%clk
0:08:48] } 15. Nxc4 { [%clk 0:08:13] } O-O { [%clk 0:08:39] } 16. O-O-O { [%clk
0:08:11] } Rfd8 { [%clk 0:08:19] } 17. h4 { [%clk 0:07:37] } b6 { [%clk
0:07:57] } 18. b5 { [%clk 0:07:26] } h5 { [%clk 0:07:39] } 19. Bd4 { [%clk
0:07:13] } Bf4+ { [%clk 0:07:28] } 20. Kc2 { [%clk 0:07:01] } Re8 { [%clk
0:07:09] } 21. Rhg1 { [%clk 0:06:56] } Re2+ { [%clk 0:06:34] } 22. Kd3 { [%clk
0:06:29] } Re6 { [%clk 0:05:55] } 23. Rde1 { [%clk 0:05:45] } Rxe1 { [%clk
0:05:39] } 24. Rxe1 { [%clk 0:05:39] } Bg3 { [%clk 0:05:06] } 25. Rg1 { [%clk
0:05:37] } Bxh4 { [%clk 0:05:05] } 26. Ne3 { [%clk 0:05:22] } Rd8 { [%clk
0:04:45] } 27. Nf5 { [%clk 0:05:14] } Bf2 { [%clk 0:04:08] } 28. Rxg7+ { [%clk
0:04:57] } Kf8 { [%clk 0:03:53] } 29. Rg2 { [%clk 0:04:37] } Bxd4 { [%clk
0:03:51] } 30. cxd4 { [%clk 0:04:38] } Rd5 { [%clk 0:03:39] } 31. Nh6 { [%clk
0:04:36] } Rxb5 { [%clk 0:03:31] } 32. a4 { [%clk 0:04:34] } Rb3+ { [%clk
0:03:23] } 33. Ke2 { [%clk 0:04:30] } Rb2+ { [%clk 0:03:21] } 34. Kf1 { [%clk
0:04:26] } Rxg2 { [%clk 0:03:21] } 35. Kxg2 { [%clk 0:04:26] } Nd5 { [%clk
0:03:12] } 36. Kh3 { [%clk 0:04:06] } Nf4+ { [%clk 0:03:04] } 37. Kh4 { [%clk
0:03:55] } f6 { [%clk 0:02:50] } 38. Kg3 { [%clk 0:03:44] } Ne2+ { [%clk
0:02:50] } 39. Kh4 { [%clk 0:03:39] } Nxd4 { [%clk 0:02:49] } 40. f4 { [%clk
0:03:30] } c5 { [%clk 0:02:44] } 41. Kxh5 { [%clk 0:03:30] } c4 { [%clk
0:02:45] } 42. f5 { [%clk 0:03:21] } c3 { [%clk 0:02:45] } 43. Kg6 { [%clk
0:03:07] } c2 { [%clk 0:02:46] } 44. Ng4 { [%clk 0:03:06] } c1=Q { [%clk
0:02:42] } 45. Nxf6 { [%clk 0:03:08] } Qg1+ { [%clk 0:02:34] } 46. Kh7 { [%clk
0:03:07] } Qg7# { [%clk 0:02:35] } 0-1

[Event "Королевский Гамбит. Южный Федеральный округ."]
[Date "2025-11-21"]
[Round "5.12"]
[Board "12"]
[White "Брига Арина"]
[WhiteElo "1000"]
[Black "Мещерина Екатерина"]
[BlackElo "999"]
[WebSite "https://www.chessopen.ru"]
[GameId "5f5b0624-7a4a-4a09-8b21-be3bf51ac4bd"]
[Result "1-0"]

1. c4 { [%clk 0:09:43] } e5 { [%clk 0:09:49] } 2. e3 { [%clk 0:09:41] } d6 {
[%clk 0:09:46] } 3. Nc3 { [%clk 0:09:44] } Nd7 { [%clk 0:09:44] } 4. Nf3 {
[%clk 0:09:26] } Ndf6 { [%clk 0:09:44] } 5. d4 { [%clk 0:09:10] } d5 { [%clk
0:09:43] } 6. dxe5 { [%clk 0:09:07] } Bd6 { [%clk 0:09:36] } 7. exd6 { [%clk
0:09:05] } cxd6 { [%clk 0:09:36] } 8. Nxd5 { [%clk 0:09:04] } b5 { [%clk
0:09:28] } 9. Nxf6+ { [%clk 0:09:02] } gxf6 { [%clk 0:09:28] } 10. cxb5 { [%clk
0:09:03] } a6 { [%clk 0:09:28] } 11. b6 { [%clk 0:08:57] } Qxb6 { [%clk
0:09:24] } 12. Qa4+ { [%clk 0:08:46] } Bd7 { [%clk 0:09:18] } 13. Qe4+ { [%clk
0:08:43] } Ne7 { [%clk 0:09:16] } 14. Qxa8+ { [%clk 0:08:33] } Qd8 { [%clk
0:09:06] } 15. Qxd8+ { [%clk 0:08:20] } Kxd8 { [%clk 0:09:07] } 16. b4 { [%clk
0:08:18] } h6 { [%clk 0:09:00] } 17. Bxa6 { [%clk 0:08:16] } f5 { [%clk
0:08:44] } 18. O-O { [%clk 0:08:14] } Ke8 { [%clk 0:08:41] } 19. Nd4 { [%clk
0:08:09] } Kd8 { [%clk 0:08:24] } 20. b5 { [%clk 0:08:06] } Be6 { [%clk
0:08:13] } 21. Nxe6+ { [%clk 0:08:04] } fxe6 { [%clk 0:08:12] } 22. b6 { [%clk
0:08:07] } Ke8 { [%clk 0:08:08] } 23. b7 { [%clk 0:08:08] } Kf7 { [%clk
0:08:06] } 24. e4 { [%clk 0:08:03] } fxe4 { [%clk 0:07:54] } 25. Rb1 { [%clk
0:08:01] } Rg8 { [%clk 0:07:48] } 26. b8=Q { [%clk 0:07:54] } Rg7 { [%clk
0:07:14] } 27. Qxd6 { [%clk 0:07:43] } Nf5 { [%clk 0:07:09] } 28. Qf4 { [%clk
0:07:38] } Kg8 { [%clk 0:06:57] } 29. Rb8+ { [%clk 0:07:37] } Kh7 { [%clk
0:06:57] } 30. Bc8 { [%clk 0:07:27] } e3 { [%clk 0:06:50] } 31. Bxe6 { [%clk
0:07:27] } Ne7 { [%clk 0:06:47] } 32. Qxh6+ { [%clk 0:07:23] } Kxh6 { [%clk
0:06:44] } 33. Bxe3+ { [%clk 0:07:23] } Rg5 { [%clk 0:06:41] } 34. Bxg5+ {
[%clk 0:07:23] } Kxg5 { [%clk 0:06:41] } 35. a4 { [%clk 0:07:21] } Ng6 { [%clk
0:06:33] } 36. Rc1 { [%clk 0:07:12] } Kh6 { [%clk 0:06:31] } 37. a5 { [%clk
0:07:06] } Kh5 { [%clk 0:06:20] } 38. Rc4 { [%clk 0:07:02] } Kh6 { [%clk
0:06:18] } 39. Bf7 { [%clk 0:07:01] } Ne7 { [%clk 0:06:10] } 40. Rb5 { [%clk
0:06:58] } Kh7 { [%clk 0:06:07] } 41. a6 { [%clk 0:06:58] } Kg7 { [%clk
0:06:09] } 42. Bh5 { [%clk 0:06:56] } Nc8 { [%clk 0:06:01] } 43. Rxc8 { [%clk
0:06:51] } Kh7 { [%clk 0:06:01] } 44. Rc6 { [%clk 0:06:49] } Kh8 { [%clk
0:05:56] } 45. Rb7 { [%clk 0:06:48] } Kg8 { [%clk 0:05:55] } 46. Rc8# { [%clk
0:06:48] } 1-0

[Event "Королевский Гамбит. Южный Федеральный округ."]
[Date "2025-11-21"]
[Round "5.12"]
[Board "12"]
[White "Воронина Полина"]
[WhiteElo "1020"]
[Black "Кукса Ирина"]
[BlackElo "1039"]
[WebSite "https://www.chessopen.ru"]
[GameId "d54d7036-5e84-499d-b075-9e4842af17fb"]
[Result "0-1"]

1. e4 { [%clk 0:09:54] } c5 { [%clk 0:10:00] } 2. d3 { [%clk 0:09:53] } Nc6 {
[%clk 0:09:59] } 3. g4 { [%clk 0:09:50] } d5 { [%clk 0:09:58] } 4. exd5 { [%clk
0:09:48] } Qxd5 { [%clk 0:09:59] } 5. Nf3 { [%clk 0:09:24] } Bxg4 { [%clk
0:09:59] } 6. Bg2 { [%clk 0:09:21] } Qd8 { [%clk 0:09:47] } 7. Bf4 { [%clk
0:09:16] } Nf6 { [%clk 0:09:46] } 8. Nc3 { [%clk 0:08:38] } e6 { [%clk 0:09:43]
} 9. Qd2 { [%clk 0:08:34] } a6 { [%clk 0:09:34] } 10. O-O-O { [%clk 0:07:58] }
Bd6 { [%clk 0:09:16] } 11. Bxd6 { [%clk 0:07:52] } Qxd6 { [%clk 0:09:09] } 12.
h4 { [%clk 0:07:51] } Nd4 { [%clk 0:08:50] } 13. Ne2 { [%clk 0:07:47] } Nxf3 {
[%clk 0:08:45] } 14. Bxf3 { [%clk 0:07:44] } Bxf3 { [%clk 0:08:41] } 15. Rhe1 {
[%clk 0:07:45] } O-O-O { [%clk 0:08:13] } 16. d4 { [%clk 0:07:21] } Bxe2 {
[%clk 0:08:05] } 17. Rxe2 { [%clk 0:07:19] } cxd4 { [%clk 0:08:07] } 18. c3 {
[%clk 0:07:03] } e5 { [%clk 0:07:59] } 19. cxd4 { [%clk 0:07:03] } exd4 { [%clk
0:07:43] } 20. Qc2+ { [%clk 0:07:02] } Kb8 { [%clk 0:07:43] } 21. Red2 { [%clk
0:07:01] } Rc8 { [%clk 0:07:42] } 22. Rxd4 { [%clk 0:06:55] } Rxc2+ { [%clk
0:07:42] } 23. Kxc2 { [%clk 0:06:54] } Rc8+ { [%clk 0:07:42] } 24. Kb1 { [%clk
0:06:53] } Qc5 { [%clk 0:07:38] } 25. R4d2 { [%clk 0:06:45] } Ne4 { [%clk
0:07:31] } 26. Re2 { [%clk 0:06:33] } Qc4 { [%clk 0:07:32] } 27. Rde1 { [%clk
0:06:27] } f5 { [%clk 0:06:51] } 28. f3 { [%clk 0:06:19] } Qd3+ { [%clk
0:06:49] } 29. Ka1 { [%clk 0:06:15] } Qxe2 { [%clk 0:06:42] } 30. Rb1 { [%clk
0:06:00] } Qc2 { [%clk 0:06:39] } 31. a3 { [%clk 0:05:55] } Nd2 { [%clk
0:06:33] } 32. Rh1 { [%clk 0:05:46] } Nb3+ { [%clk 0:06:27] } 33. Ka2 { [%clk
0:05:44] } Nc1+ { [%clk 0:06:28] } 34. Ka1 { [%clk 0:05:44] } Qb3 { [%clk
0:06:25] } 35. Rxc1 { [%clk 0:05:41] } Rxc1# { [%clk 0:06:26] } 0-1

[Event "Королевский Гамбит. Южный Федеральный округ."]
[Date "2025-11-21"]
[Round "5.12"]
[Board "12"]
[White "Замшина Арина"]
[WhiteElo "1018"]
[Black "Королева Лидия"]
[BlackElo "1028"]
[WebSite "https://www.chessopen.ru"]
[GameId "72400d5c-0364-47fa-afcb-089286a01441"]
[Result "1-0"]

1. e4 { [%clk 0:10:00] } e6 { [%clk 0:10:00] } 2. Qh5 { [%clk 0:09:55] } Nf6 {
[%clk 0:09:54] } 3. Qg5 { [%clk 0:09:53] } h6 { [%clk 0:09:42] } 4. Qf4 { [%clk
0:09:51] } d6 { [%clk 0:09:26] } 5. d4 { [%clk 0:09:48] } Nc6 { [%clk 0:09:16]
} 6. Nf3 { [%clk 0:09:44] } h5 { [%clk 0:09:12] } 7. Nc3 { [%clk 0:09:39] } Rh6
{ [%clk 0:09:09] } 8. Bb5 { [%clk 0:09:35] } a6 { [%clk 0:09:06] } 9. Bxc6+ {
[%clk 0:09:32] } bxc6 { [%clk 0:09:07] } 10. O-O { [%clk 0:09:28] } Rg6 { [%clk
0:09:00] } 11. h3 { [%clk 0:09:26] } c5 { [%clk 0:08:53] } 12. e5 { [%clk
0:09:23] } dxe5 { [%clk 0:08:47] } 13. dxe5 { [%clk 0:09:19] } Bb7 { [%clk
0:08:23] } 14. exf6 { [%clk 0:09:15] } Bxf3 { [%clk 0:08:21] } 15. Qxf3 { [%clk
0:09:10] } gxf6 { [%clk 0:08:19] } 16. Qc6+ { [%clk 0:09:05] } Qd7 { [%clk
0:08:13] } 17. Qxa8+ { [%clk 0:09:02] } Qd8 { [%clk 0:08:11] } 18. Qxd8+ {
[%clk 0:08:59] } Kxd8 { [%clk 0:08:12] } 19. Rd1+ { [%clk 0:08:54] } Kc8 {
[%clk 0:08:04] } 20. Be3 { [%clk 0:08:46] } Bh6 { [%clk 0:07:56] } 21. Bxh6 {
[%clk 0:08:39] } Rxh6 { [%clk 0:07:58] } 22. Na4 { [%clk 0:08:35] } c4 { [%clk
0:07:57] } 23. Nc5 { [%clk 0:08:32] } Rg6 { [%clk 0:07:53] } 24. Rd4 { [%clk
0:08:29] } Rg5 { [%clk 0:07:52] } 25. Rxc4 { [%clk 0:08:26] } Kb8 { [%clk
0:07:50] } 26. Nxa6+ { [%clk 0:08:22] } Ka7 { [%clk 0:07:49] } 27. Nxc7 { [%clk
0:08:19] } Ra5 { [%clk 0:07:46] } 28. a4 { [%clk 0:08:14] } Kb6 { [%clk
0:07:41] } 29. b4 { [%clk 0:08:10] } Re5 { [%clk 0:07:32] } 30. a5+ { [%clk
0:08:04] } Kb7 { [%clk 0:07:25] } 31. Ne8 { [%clk 0:08:01] } Ka6 { [%clk
0:07:18] } 32. Rc6+ { [%clk 0:07:57] } Kb5 { [%clk 0:07:15] } 33. Rb6+ { [%clk
0:07:54] } Kc4 { [%clk 0:07:10] } 34. a6 { [%clk 0:07:51] } Kc3 { [%clk
0:07:04] } 35. a7 { [%clk 0:07:49] } Kxc2 { [%clk 0:07:00] } 36. a8=Q { [%clk
0:07:45] } Rd5 { [%clk 0:06:41] } 37. Nxf6 { [%clk 0:07:40] } Rf5 { [%clk
0:06:35] } 38. Qc6+ { [%clk 0:07:32] } Kb2 { [%clk 0:06:31] } 39. Qc1+ { [%clk
0:07:29] } Kb3 { [%clk 0:06:29] } 40. Ra3# { [%clk 0:07:26] } 1-0

[Event "Королевский Гамбит. Южный Федеральный округ."]
[Date "2025-11-21"]
[Round "5.12"]
[Board "12"]
[White "Коломейцева Евгения"]
[WhiteElo "990"]
[Black "Гринь Мария"]
[BlackElo "988"]
[WebSite "https://www.chessopen.ru"]
[GameId "6f89d194-9ebc-4016-a11d-427a73561a77"]
[Result "0-1"]

1. e4 { [%clk 0:09:26] } d5 { [%clk 0:09:58] } 2. Nc3 { [%clk 0:09:04] } d4 {
[%clk 0:09:48] } 3. Nb5 { [%clk 0:08:55] } c6 { [%clk 0:09:35] } 4. e5 { [%clk
0:08:20] } cxb5 { [%clk 0:09:33] } 5. Bxb5+ { [%clk 0:08:21] } Bd7 { [%clk
0:09:06] } 6. Bc4 { [%clk 0:08:10] } Nc6 { [%clk 0:08:58] } 7. e6 { [%clk
0:08:08] } fxe6 { [%clk 0:08:50] } 8. d3 { [%clk 0:08:02] } Ne5 { [%clk
0:08:32] } 9. b3 { [%clk 0:07:50] } Qa5+ { [%clk 0:08:30] } 10. Bd2 { [%clk
0:07:43] } Qb6 { [%clk 0:08:26] } 11. Qe2 { [%clk 0:07:22] } Rc8 { [%clk
0:08:20] } 12. Qxe5 { [%clk 0:07:23] } Nh6 { [%clk 0:08:04] } 13. Qxd4 { [%clk
0:07:10] } Qxd4 { [%clk 0:07:56] } 14. Bc3 { [%clk 0:07:10] } Qxc3+ { [%clk
0:07:51] } 0-1